Manual del código procesal civil (Registro nro. 24474)

Detalles MARC
000 -Cabecera
Campo de control interno 00447nam a2200181Ia 4500
005 - Fecha y hora del registro
control field 20260414151046.0
008 - Elementos de Longitud Fija
fixed length control field 260414t2011||||xx |||||||||||||| ||spa||
041 ## - Idioma
Codigo Idioma ESP
082 ## - DEWEY y NOTACIÓN INTERNA
Dewey 345.7C3
Notación Interna G86
100 ## - AUTOR
Autor denominación Guerra Cerrón, J. María Elena
Término de relación autor
245 #0 - TÍTULO DE MATERIAL BIBLIOGRÁFICO
Título Manual del código procesal civil
Título paralelo
260 ## - CIUDAD, EDITORIAL, AÑO
Año 2011
300 ## - DESCRIPCIÓN
N° Páginas 239 páginas :
Dimensiones 24 cm.
650 ## - TEMAS
Temas Derecho
654 ## - PROGRAMAS
Programa Dpto. de Derecho y Ciencia Política
942 ## - ELEMENTOS DE KOHA
Tipo de documento Libro
Nombre del creador Justo Noguera
Código de catalogador Justo Noguera
Esquema de clasificación Dewey Decimal Classification
Suppress in OPAC
Existencias
Codigo completo Registro Colección Copia número Disponibilidad Tipo de préstamo Biblioteca Actual Procedencia (Biblioteca) Ubicacón Fecha Ingreso Tipo de Adquisición Date last seen Total checkouts Price effective from Tipo de Item Estado del Material Damaged status Withdrawn status
345.7C3 G86 1007640 Universidad Católica San Pablo 1 Disponible Disponible Víctor Andrés Belaunde Víctor Andrés Belaunde Primer piso 14/04/2026 Compra 14/04/2026   14/04/2026 Libro Bueno